| 000 | 00542nam a2200181Ia 4500 | ||
|---|---|---|---|
| 001 | 25296 | ||
| 005 | 20260414151140.0 | ||
| 008 | 260414t2012||||xx |||||||||||||| ||spa|| | ||
| 041 | _aESP | ||
| 082 |
_a346.44 _bL21 |
||
| 100 |
_aLama More, Héctor Enrique _eAUT |
||
| 245 | 0 |
_aLa posesión y la posesión precaria : _bel nuevo concepto del precario y la utilidad de su actual regulación en el derecho civil peruano |
|
| 260 | _c2012 | ||
| 300 |
_a239 páginas : _c24 cm. |
||
| 650 | _aDER | ||
| 654 | _aCDE | ||
| 942 |
_cLIB _dJUS _fJUS _2ddc _n |
||
| 999 |
_c25296 _d25296 |
||